Responses for Show #6955 - Friday, December 5, 2014

2014 Kids Week game 5.

Contestants

[<< previous game]

Tyler Van Patten, from Burlington, Wisconsin

Neha Rao, from Johns Creek, Georgia

Emma Miller, from San Mateo, California

[next game >>]

Jeopardy! Round responses

ANIMAL CLOSE-UPS
HI, TECH!
5 ALIVE
SHORTENED WORDS
(Alex: You give us the longer version, please.)
SONG LYRICS
NON-COMMON CORE MATH
    $200 21
zebras' stripes

Tyler
    $200 6
Angry Birds

Tyler
    $200 16
a high five

Tyler
    $200 11
convict

Tyler
    $200 1
Clementine

Emma
    $200 3
15

Tyler
    $400 22
a porcupine

Emma
    $400 7
electricity

Triple Stumper
    $400 17
your five fingers

Tyler
    $400 12
penitentiary

Tyler
    $400 2
the deer & the antelope

Tyler
    $400 4
(Tyler: [Whispers indistinctly])
(Alex: Hurry... Ooh, you took a little too long.)

3

Tyler
Triple Stumper
    $600 23
a giraffe

Emma
    $1,000 8
3-D printing

Tyler
    $600 18
a quintet

Tyler
    $600 13
memorandum

Triple Stumper
    $600 26
hurrah

Tyler
    $600 5
(Tyler: [Whispers indistinctly])
(Alex: Oh, darn!)
(Tyler: Oh!)
(Alex: You're just taking too much time.)
...
(Alex: Tyler, you're at negative $400. Do you want to stay in that category?)
(Tyler: Uh, no, thank you.)

120

Tyler
Triple Stumper
    $800 24
(Alex: That would be [*], with less than a minute to go now, Emma.)

the raccoon

Triple Stumper
    $800 9
Kinect

Triple Stumper
    $800 19
Deuteronomy

Tyler
    $800 14
influenza

Neha
    $800 27
the best day of my life

Emma
    $800 29
[The end-of-round signal sounds.]

-120

Triple Stumper
    $1000 25
a skunk

Tyler
    $1000 10
Bluetooth

Neha
    $1000 20
Queens

Triple Stumper
    $1000 15
pantaloon

Triple Stumper
    $1000 28
the coming of the Lord

Triple Stumper

Scores at the first commercial break (after clue 12):

Emma Neha Tyler
$200 $1,000 $1,400

Scores at the end of the Jeopardy! Round:

Emma Neha Tyler
$2,000 $1,800 $5,200

Double Jeopardy! Round responses

THE 18th CENTURY
THE OLYMPIC GAMES
ANALOGIES
FRUITS, VEGETABLES & CAKES
BOOKS
STATES' LONGEST BORDERS
    $400 26
Marie Antoinette

Emma
    $400 16
the sun

Triple Stumper
    $400 11
quack

Neha
    $400 6
(Tyler: What is a mango?)

pineapple

EmmaTyler
    $400 1
Saturday

Emma
    $400 21
Washington

Tyler
    $800 27
the Bill of Rights

Tyler
    $800 17
5

Tyler
    $800 12
a thermometer

Tyler
    $800 7
an eggplant

Tyler
    $800 2
(Emma: What is Tale of a Fourth Grade Nothing?)

Fourth Grade Rats

Emma
Triple Stumper
    $800 22
Texas & Oklahoma

Tyler
    $1200 28
the cotton gin

Tyler
    $1200 18
the marathon

Triple Stumper
    $1200 13
data

Tyler
    $1200 8
Brussels sprouts

Neha
    $1200 3
Magyk

Emma
    $1200 23
Nevada

Tyler
    $1,500 29
(Tyler: Who is James Madison?)

Thomas Jefferson

Tyler
    $1600 19
(Alex: And this great swimmer is [*].)

Ryan Lochte

Triple Stumper
    $1600 14
hangar

Tyler
    $1600 9
a sponge cake

Triple Stumper
    $1600 4
Hoot

Emma
    $1600 24
Maine

Tyler
    $2000 30
Wall Street

Emma
    $2000 20
cross-country skiing

Emma
    $2000 15
(Alex: Capital.)

Lima

Neha
    $2000 10
kiwi

Emma
    $2000 5
Geronimo Stilton

Neha
    $3,000 25
Georgia

Tyler

Scores at the end of the Double Jeopardy! Round:

Emma Neha Tyler
$11,200 $7,400 $17,500

[wagering suggestions for these scores]

Final Jeopardy! Round responses

HEALTH & MEDICINE
(Alex: [To Tyler] And remember, folks, we don't penalize for incorrect spellings.)
NehaWhat is the Heimlich manuever?
$4,000
EmmaWhat is the Heimlich manuveur?
$6,400
TylerWhat is the Hiemlick Manuever?
$6,301
the Heimlich maneuver

Final scores:

Emma Neha Tyler
$17,600 $11,400 $23,801
2nd place: $2,000 3rd place: $1,000 Winner: $23,801

Game dynamics:

Coryat scores:

Emma Neha Tyler
$11,200 $7,400 $17,600
12 R,
1 W
6 R,
0 W
25 R
(including 2 DDs),
4 W
(including 1 DD)

Combined Coryat: $36,200

[game clues] [game scores] [suggest correction]

Game tape date: 2014-10-07
The J! Archive is created by fans, for fans. Scraping, republication, monetization, and malicious use prohibited; this site may use cookies and collect identifying information. See terms. The Jeopardy! game show and all elements thereof, including but not limited to copyright and trademark thereto, are the property of Jeopardy Productions, Inc. and are protected under law. This website is not affiliated with, sponsored by, or operated by Jeopardy Productions, Inc. Join the discussion at JBoard.tv.